000 01140nam a22003377a 4500
003 CHAP
005 20220329133904.0
008 971013s1985 r 00010 d
010 _a12294
011 _a13266
035 _a17337
040 _cCHAP
082 _a519.54
_bG5 1985
100 0 0 _aGibbsons, Jean Dickinson.
_947871
245 _aNonparametric statistical inference
250 _a2 ed. rev.
260 _aNew York :
_bMarcel Dekker,
_c1985
300 _a408 p.
_b: gráfs.
490 _aMarcel Dekker. Statistics, text books and monographs
_v; 65
590 _aBATCH-UPD
_b10
_c20130109
_lUCH01
_h2352
590 _aBATCH-UPD
_b10
_c20130110
_lUCH01
_h1306
590 _aBATCH-UPD
_b10
_c20130410
_lUCH01
_h0822
590 _aBATCH-UPD
_b10
_c20130914
_lUCH01
_h1325
590 _aCONVERSION
_b10
_c20130109
_lUCH01
_h1308
650 1 4 _aEstadística noparamétrica.
_938263
650 1 4 _aInferencia estadística.
_958062
830 0 _aMarcel Dekker. Statistics, text books and monographs
_v; 65
_971251
901 _aBK
942 _cLIBRO
949 _a519.54 G5 1985
_bBC
_cLIBRO
_d33724000144143
_eLIBRO
_gI.132542
_h69030
_i17337
_si
999 _c12294
_d12294